书目信息 |
| 题名: |
小型氮肥厂稀硝酸及硝酸铵的生产
|
|
| 作者: | ;大寨氮肥厂 编 | |
| 分册: | ||
| 出版信息: | 北京 石油化学工业出版社 1978 |
|
| 页数: | 366页 | |
| 开本: | 19cm | |
| 丛书名: | ||
| 单 册: | ||
| 中图分类: | TQ441.12 | |
| 科图分类: | ||
| 主题词: | 硝酸铵--生产工艺 | |
| 电子资源: | ||
| ISBN: | ||
| 000 | 00676nam0 2200229 45 | |
| 001 | 0178001235 | |
| 005 | 20060731084322.62 | |
| 010 | @dCNY0.82 | |
| 091 | @a15063.化252 | |
| 100 | @a19950801d1978 em y0chiy0121 ea | |
| 101 | 0 | @achi |
| 102 | @aCN@b110000 | |
| 105 | @ay z 000yy | |
| 200 | 10 | @a小型氮肥厂稀硝酸及硝酸铵的生产@Axiao xing dan fei chang xi xiao suan ji xiao suan an de sheng chan@f大寨氮肥厂编 |
| 210 | @a北京@c石油化学工业出版社@d1978 | |
| 215 | @a366页@d19cm | |
| 300 | @a国内发行 | |
| 606 | @a硝酸铵@x生产工艺 | |
| 690 | @aTQ441.12@v3 | |
| 711 | 02 | @a大寨氮肥厂@Ada zhai dan fei chang@4编 |
| 801 | 0 | @aCN@bTSSF@c20060731 |
| 905 | @a10447@dTQ441.12@e14 | |
| 小型氮肥厂稀硝酸及硝酸铵的生产/大寨氮肥厂编.-北京:石油化学工业出版社,1978 |
| 366页;19cm |
| 国内发行 |
| ISBN :CNY0.82 |
| ● |
| 相关链接 |
|
|
|
|
正题名:小型氮肥厂稀硝酸及硝酸铵的生产
索取号:TQ441.12/14
 
预约/预借
| 序号 | 登录号 | 条形码 | 馆藏地/架位号 | 状态 | 备注 |
| 1 | 0439065 | 204390658 | 密集书库/ [索取号:TQ441.12/14] | 在馆 | |
| 2 | 0439066 | 204390667 | 密集书库/ [索取号:TQ441.12/14] | 在馆 |